[Event "Target Recruitment Masters"]
[Site "Belfast IRL"]
[Date "2001.03.30"]
[Round "2"]
[White "Baburin,A"]
[Black "Scannell,S"]
[Result "1/2-1/2"]
[WhiteElo "2598"]
[BlackElo "2152"]

1.d4 Nf6 2.c4 Nc6 3.Nf3 e6 4.Nc3 Bb4 5.Qc2 Qe7 6.a3 Bxc3+ 7.Qxc3 d6 8.b4 e5
9.dxe5 Nxe5 10.Nxe5 dxe5 11.Bb2 e4 12.e3 O-O 13.Be2 Rd8 14.g4 Ne8 15.h4 h6
16.g5 hxg5 17.Rg1 g4 18.Bxg4 Qxh4 19.Bxc8 Raxc8 20.Rxg7+ Kf8 21.Rg1 f6 22.c5 Rd3
23.Qc4 Rxe3+ 24.Kf1 Qh3+ 25.Rg2 Qh1+  1/2-1/2

[Event "Dos Hermanas Internet KO"]
[Site "ICC INT"]
[Date "2001.04.06"]
[Round "1.2"]
[White "Rychagov,A"]
[Black "Zarnicki,P"]
[Result "1-0"]
[WhiteElo "2525"]
[BlackElo "2487"]

1.d4 Nf6 2.c4 Nc6 3.Nc3 e5 4.d5 Ne7 5.e4 Ng6 6.Be3 Bb4 7.f3 O-O 8.Qd2 d6
9.a3 Bxc3 10.Qxc3 Nd7 11.Ne2 a5 12.b3 Nh4 13.Ng3 c6 14.Ra2 Qc7 15.dxc6 bxc6
16.Bd3 Nc5 17.O-O Ne6 18.Nf5 Ng6 19.Rd2 c5 20.b4 axb4 21.axb4 Nd4 22.b5 Bxf5
23.exf5 Nf4 24.Bxf4 exf4 25.Be4 Ra4 26.Rb1 Rb8 27.Kf2 g6 28.fxg6 hxg6 29.Rdb2 Qd8
30.Kg1 Qf6 31.Qc1 Rb6 32.Qf1 Kg7 33.Bd5 Qe5 34.Qe1 Qf6 35.Qe8 Nf5 36.Qe4 Ne3
37.Re2 Ra1 38.Ree1 Ra2 39.Rxe3 fxe3 40.Qxe3 Rb8 41.h3 Ra7 42.Re1 Ra2 43.f4 Ra7
44.Kh2 Kf8 45.Qf3 Rc7 46.Rb1 Re7 47.b6 Qd4 48.b7 Kg7 49.Rd1 Qb2 50.Qd3 Rbe8
51.Qd2 Qf6 52.Rb1 Rb8 53.Qb2 Qxb2 54.Rxb2 Kf6 55.Kg3 Ree8 56.Rb6 Ke7 57.Ra6 Rf8
58.Kf2 f6 59.Ra3 Kd7 60.Rg3 g5 61.fxg5 fxg5+ 62.Kg1 Rf5 63.Rg4 Kc7 64.Re4 Re5
65.Rg4 Rf8 66.Kh2 Rxd5 67.cxd5 Rf5 68.h4 gxh4 69.Rg7+ Kb8 70.Kh3 Rxd5 71.Kxh4 c4
72.Re7 c3 73.Re1 Kxb7 74.g4 Kc6 75.g5 Ra5 76.Rc1 Ra3 77.g6 d5 78.g7 d4 79.g8=Q Ra8
80.Qe6+ Kc5 81.Qe5+  1-0

[Event "Open NOR-ch"]
[Site "Oslo NOR"]
[Date "2001.04.08"]
[Round "2"]
[White "Johannessen,LE"]
[Black "Areklett,I"]
[Result "1/2-1/2"]
[WhiteElo "2407"]
[BlackElo "2069"]

1.d4 Nf6 2.c4 Nc6 3.Nf3 d6 4.Nc3 e5 5.d5 Ne7 6.e4 Ng6 7.g3 Be7 8.h4 O-O 9.h5 Nh8
10.Nh4 Ne8 11.Be3 Bxh4 12.Rxh4 f5 13.exf5 Bxf5 14.Bd3 Bxd3 15.Qxd3 Nf6 16.O-O-O Nf7
17.h6 g6 18.f3 b6 19.Qd2 Qe7 20.Re1 Rae8 21.Rhh1 e4 22.fxe4 Ne5 23.Qe2 Nfg4
24.Bf4 Nf2 25.Bxe5 Nxh1 26.Bg7 Qg5+ 27.Kb1 Rf2 28.Qd1 Nxg3 29.Bd4 Rf7 30.Be3 Qe5
31.Bd4 Qf4 32.Qd3 Rfe7 33.e5 dxe5 34.Be3 Qf5 35.Qxf5 Nxf5 36.Ne4 Nxe3 37.Nf6+ Kf7
38.Nxe8 Ng2 39.Rg1 Kxe8 40.Rxg2 Rf7 41.Kc2 Ke7 42.Kd3 Rf4 43.b3 Kf6 44.Rh2 Kf5
45.Ke3 g5 46.Rc2 Rh4 47.Rf2+ Rf4 48.Rc2 g4 49.c5 Rf3+ 50.Ke2 Rh3 51.cxb6 cxb6
52.Rc6 e4 53.Re6 Rh2+ 54.Kf1 Rd2 55.Re7 Rxd5 56.Rxh7 Kg6 57.Rg7+ Kxh6 58.Rxg4 Rd2
59.Rxe4 Rxa2 60.Ke1 Kg5 61.Kd1 Kf5 62.Re7 Rb2 63.Rxa7 Rxb3 64.Kc2 Rb5 65.Re7 Re5
66.Rxe5+ Kxe5 67.Kb3 Kd5 68.Kb4 Kc6 69.Kc4 b5+  1/2-1/2

[Event "5th GM"]
[Site "Rijeka HUN"]
[Date "2001.04.18"]
[Round "1"]
[White "Zaja,I"]
[Black "Bistric,F"]
[Result "1/2-1/2"]
[WhiteElo "2482"]
[BlackElo "2454"]

1.d4 Nf6 2.c4 Nc6 3.Nf3 e6 4.Nc3 Bb4 5.Bd2 O-O 6.e3 d6 7.a3 Bxc3 8.Bxc3 Ne4
9.Qc2 f5 10.d5 Ne7 11.dxe6 Bxe6 12.Bd3 Nc5 13.Ng5 Bd7 14.b4 Nxd3+ 15.Qxd3 Qe8
16.h4 h6 17.Nf3 Bc6 18.Nd4 Ng6 19.Nxc6 bxc6 20.Qd4 Qf7 21.h5 Ne5 22.Rh4 Rfe8
23.f3 Rad8 24.Kf2 d5 25.cxd5 Rxd5 26.Qxa7 Qf6 27.Rd4 f4 28.Rxd5 cxd5 29.Qd4 fxe3+
30.Ke2 Qg5 31.Qxd5+ Kh8 32.g4 Qf4 33.Bxe5 Rxe5 34.Qd8+ Kh7 35.Qd3+ Kh8 36.Qd8+ Kh7
37.Qd3+ Kh8 38.Qd8+  1/2-1/2

[Event "GM"]
[Site "Hampstead ENG"]
[Date "2001.04.19"]
[Round "4"]
[White "Crouch,C"]
[Black "Palliser,R"]
[Result "1/2-1/2"]
[WhiteElo "2403"]
[BlackElo "2342"]

1.d4 Nf6 2.c4 Nc6 3.Nf3 e6 4.Nc3 Bb4 5.Bg5 h6 6.Bh4 g5 7.Bg3 Ne4 8.Qd3 d5
9.a3 Bxc3+ 10.bxc3 h5 11.Ne5 Bd7 12.h4 Nxg3 13.Qxg3 Nxe5 14.Qxe5 f6 15.Qg3 g4
16.e3 Bc6 17.Bd3 dxc4 18.Bxc4 Kf7 19.O-O Qd6 20.Kh2 Rad8  1/2-1/2

[Event "Masters"]
[Site "Besancon FRA"]
[Date "2001.04.22"]
[Round "2"]
[White "Renaze,L"]
[Black "Claverie,C"]
[Result "0-1"]
[WhiteElo "2293"]
[BlackElo "2358"]

1.d4 Nf6 2.c4 Nc6 3.Nf3 e6 4.Nc3 Bb4 5.e3 d5 6.Bd3 a6 7.O-O O-O 8.Qe2 Re8
9.Rd1 dxc4 10.Bxc4 b5 11.Bb3 Qe7 12.e4 Bxc3 13.bxc3 e5 14.Bg5 Bb7 15.Bd5 exd4
16.cxd4 Rad8 17.Qb2 h6 18.Bxf6 Qxf6 19.Rac1 Re7 20.Ne5 Nxd4 21.Qxd4 Rxd5
22.exd5 Rxe5 23.Qa7 Bxd5 24.Qxc7 Rg5 25.g3 Qf3 26.Qc8+ Kh7 27.Rxd5 Rxd5 28.Qxa6 Rd2
29.Rf1 Qd5 30.Rb1 h5 31.h4 Rxf2 32.Kxf2 Qf5+ 33.Kg2 Qxb1 34.Qa8 Qc2+ 35.Kf3 g6
36.Qd5 Qc3+ 37.Ke4 Qe1+ 38.Kd4 Qf2+ 39.Kc3 Qxg3+ 40.Kb4 Qxh4+ 41.Kxb5 Qf2
42.a4 h4  0-1

[Event "Zone 3.2a"]
[Site "Manila PHI"]
[Date "2001.04.27"]
[Round "6"]
[White "Sharavdorj,D"]
[Black "Ranola,Y"]
[Result "0-1"]
[WhiteElo "2441"]
[BlackElo "2422"]

1.d4 Nf6 2.c4 Nc6 3.Nf3 e6 4.a3 d5 5.cxd5 exd5 6.Bf4 Bd6 7.Bg3 Ne4 8.e3 O-O
9.Nc3 Re8 10.Qb3 Be6 11.Qxb7 Na5 12.Qb5 Bxg3 13.hxg3 c5 14.Qa4 c4 15.Nxe4 dxe4
16.Nd2 Qd5 17.Rc1 Rec8 18.Nxe4 Nb3 19.Nc3 Qf5 20.Rd1 Qc2 21.Qb4 Rab8 22.Qd6 Qxb2
23.Na4 Qc2 24.Be2 Nc1  0-1

[Event "2nd ch-EUR Women"]
[Site "Warsaw POL"]
[Date "2001.04.29"]
[Round "7"]
[White "Zaiatz,E"]
[Black "Partac,E"]
[Result "1-0"]
[WhiteElo "2376"]
[BlackElo "2216"]

1.d4 Nf6 2.c4 Nc6 3.Nf3 e6 4.g3 Bb4+ 5.Bd2 Qe7 6.Bg2 Bxd2+ 7.Nbxd2 d6 8.O-O e5
9.d5 Nb8 10.e4 a5 11.Ne1 h5 12.Nc2 h4 13.Ne3 g6 14.Qc2 hxg3 15.fxg3 Bh3 16.Rf2 Nbd7
17.Raf1 b6 18.Nb1 Bxg2 19.Rxg2 Nh7 20.h4 Nhf6 21.Nc3 Nh5 22.b3 Rh7 23.Qe2 O-O-O
24.a3 Nc5 25.b4 Nb3 26.Nb5 Nd4 27.Nxd4 exd4 28.Nc2 Qe5 29.Qd3 axb4 30.axb4 Re8
31.Re1 g5 32.Nxd4 gxh4 33.Nc6 Qg7 34.e5 Nxg3 35.c5 dxe5 36.cxb6 cxb6 37.Qa6+ Kd7
38.Qb7+ Kd6 39.Qxb6 Kd7 40.Nxe5+ Rxe5 41.Qc6+ Ke7 42.Qc7+ Kf6 43.Qxe5+ Kg6
44.Qxg7+ Rxg7 45.d6 f6 46.Re4 Kf5 47.Re7 Rg8 48.d7 Rd8 49.Rf2+ Kg6 50.Rd2 h3
51.Re8  1-0

[Event "2nd ch-EUR Women"]
[Site "Warsaw POL"]
[Date "2001.05.03"]
[Round "11"]
[White "Kononenko,T"]
[Black "Popova,N"]
[Result "1-0"]
[WhiteElo "2361"]
[BlackElo "2308"]

1.d4 Nf6 2.c4 Nc6 3.Nf3 e6 4.Nc3 Bb4 5.Qc2 d6 6.a3 Bxc3+ 7.Qxc3 O-O 8.e3 Re8
9.Be2 a5 10.b3 e5 11.d5 Ne7 12.Nd2 Bd7 13.O-O Ng6 14.f3 b5 15.Bb2 Qb8 16.Ne4 Nxe4
17.fxe4 bxc4 18.Bxc4 Qd8 19.Bc1 Qg5 20.Ra2 h5 21.Raf2 Re7 22.Be2 h4 23.Rf5 Bxf5
24.Rxf5 Qh6 25.Rh5 Nf4 26.exf4 Qf6 27.f5  1-0

[Event "Open"]
[Site "Pula CRO"]
[Date "2001.05.18"]
[Round "1"]
[White "Hulak,K"]
[Black "Hecimovic,I"]
[Result "1-0"]
[WhiteElo "2564"]
[BlackElo "2179"]

1.d4 Nf6 2.c4 Nc6 3.Nf3 e6 4.a3 Ne4 5.Qc2 d5 6.Nc3 Nxc3 7.Qxc3 dxc4 8.e4 a5
9.Qxc4 a4 10.Be3 Bd7 11.Qc2 Bd6 12.Bd3 e5 13.dxe5 Nxe5 14.Nxe5 Bxe5 15.f4 Bf6
16.e5 Bh4+ 17.g3 Bc6 18.Be4 Ra6 19.Rd1 Qc8 20.gxh4 Qg4 21.Bxc6+ Rxc6 22.Qf2 O-O
23.Rg1 Qf5 24.Qf3 g6 25.Rg5 Qc2 26.Rg2 Qb3 27.Rgd2 h5 28.Kf2 Rc2 29.Rxc2 Qxc2+
30.Rd2 Qf5 31.h3 Re8 32.Kg3 c6 33.Bf2  1-0

[Event "26th Keres Mem"]
[Site "Vancouver BC CAN"]
[Date "2001.05.19"]
[Round "3"]
[White "Ferguson,J"]
[Black "Orlov,G"]
[Result "0-1"]
[WhiteElo "2177"]
[BlackElo "2512"]

1.d4 Nf6 2.c4 Nc6 3.Nf3 e6 4.a3 d6 5.Nc3 g6 6.e4 Bg7 7.Be2 O-O 8.O-O Re8
9.Qc2 e5 10.Rd1 exd4 11.Nxd4 Nxd4 12.Rxd4 Ng4 13.Rd1 Qh4 14.Bxg4 Bxg4 15.f3 Be6
16.g3 Qh5 17.Qf2 Bxc4 18.Be3 Qh3 19.Rac1 Qe6 20.Bf4 Re7 21.Rd2 a6 22.Nd5 Bxd5
23.exd5 Qf5 24.Rdc2 g5 25.Be3 Rae8  0-1

[Event "26th Keres Mem"]
[Site "Vancouver BC CAN"]
[Date "2001.05.21"]
[Round "7"]
[White "Gentes,K"]
[Black "Orlov,G"]
[Result "1/2-1/2"]
[WhiteElo "2298"]
[BlackElo "2512"]

1.d4 Nf6 2.c4 Nc6 3.Nf3 e6 4.a3 d5 5.cxd5 exd5 6.Bg5 Be7 7.Nc3 Ne4 8.Bxe7 Nxe7
9.Rc1 c6 10.e3 Bf5 11.Be2 O-O 12.O-O Ng6 13.b4 Qe7 14.Qb3 Bg4 15.Qb2 a6 16.Ne1 Bxe2
17.Nxe2 Nd6 18.a4 Nc4 19.Qc3 a5 20.Rb1 axb4 21.Rxb4 Ra7 22.Nd3 Rfa8 23.Rfb1 h5
24.Nb2 Nd6 25.Qe1 Qg5 26.Qd1 Ne4 27.Nd3 Nh4 28.Ne1 Qf6 29.Nd3 Qg5 30.Ne1 Qf6
31.f3 Nd6 32.Ng3 Qg5 33.Nf1 Nhf5 34.Qd3 Rxa4 35.e4 Rxb4 36.Rxb4 Ne7 37.e5 Nb5
38.Nc2 Ng6 39.Nfe3 Nf4 40.Qf1 h4 41.Kh1  1/2-1/2

[Event "TCh-YUG"]
[Site "Herceg Novi YUG"]
[Date "2001.05.23"]
[Round "10"]
[White "Zivanic,M"]
[Black "Vukovic,Zd"]
[Result "1/2-1/2"]
[WhiteElo "2422"]
[BlackElo "2460"]

1.d4 Nf6 2.c4 Nc6 3.Nf3 e6 4.Nc3 Bb4 5.Qc2 d6 6.a3 Bxc3+ 7.Qxc3 O-O 8.b4 e5
9.Bb2 Ne4 10.Qe3 f5 11.dxe5 a5 12.b5 Nxe5 13.Nxe5 dxe5 14.g3 Be6 15.Rc1 Qd7
16.Bg2 Nd6 17.Qd3 e4 18.Qd4 Qf7 19.O-O Nxc4 20.Rfd1 Qe7 21.Qc3 c6 22.bxc6 bxc6
23.Ba1 Rfd8 24.e3 Rxd1+ 25.Rxd1 Bd5 26.Bf1 Nb6 27.Rb1 Na4 28.Qd4 Nc5 29.Bc3 Nd3
30.Bh3 Rf8 31.Bg2 h5 32.Bxa5 Qxa3 33.Rb7 Rf7 34.Rxf7 Kxf7 35.Bc3 Qf8 36.Bh3 Kg6
37.Bf1 Qe7 38.Be2 Qb7 39.Kg2 c5 40.Qa4 Qf7 41.Qa6+ Kh7 42.Qd6 h4 43.Qd8 h3+
44.Kg1 Be6 45.Bf1 Bd7 46.Qh4+ Kg8 47.Qg5 c4 48.Bxh3 Nc5 49.Qd8+ Kh7 50.Bf1 Be6
51.Qh4+ Kg8 52.Qd8+ Kh7 53.Qh4+ Kg8 54.Qd8+ Kh7 55.Qh4+  1/2-1/2

[Event "TCh-NOR Final"]
[Site "Langesund NOR"]
[Date "2001.05.25"]
[Round "3"]
[White "Grotnes,N"]
[Black "Gudbrandsen,G"]
[Result "1-0"]
[WhiteElo "2291"]
[BlackElo "2277"]

1.d4 Nf6 2.c4 Nc6 3.Nf3 e6 4.a3 d6 5.Nc3 Be7 6.e4 O-O 7.h3 e5 8.d5 Nb8 9.Be3 a5
10.Bd3 Na6 11.b4 Nd7 12.O-O g6 13.Bh6 Re8 14.Qb1 Bf8 15.Be3 Bg7 16.Rc1 Qe7
17.Ra2 Nf6 18.c5 dxc5 19.bxc5 Rd8 20.Nb5 Ne8 21.Rd2 c6 22.d6 Qf8 23.Nc3 Nb8
24.Bc4 h6 25.Na4 Nd7 26.Rb2 Kh7 27.Rxb7 Bxb7 28.Qxb7 Rac8 29.Nb6 Nxb6 30.Qxb6 f5
31.Be6 Rb8 32.Qxc6 Nxd6 33.cxd6 Rxd6 34.Qc4 fxe4 35.Nd2 Qe7 36.Bg4 Rd3 37.Qxe4 Rxa3
38.Rc6 Bf6 39.Bc5 Ra1+ 40.Kh2 Qg7 41.Ra6 Kh8 42.Ra7 Qg8 43.Be6 Qxe6 44.Qxg6  1-0

[Event "2nd IECC"]
[Site "Ohrid MKD"]
[Date "2001.06.04"]
[Round "4"]
[White "Abbasov,F"]
[Black "Sulava,N"]
[Result "1-0"]
[WhiteElo "2439"]
[BlackElo "2526"]

1.d4 Nf6 2.c4 Nc6 3.Nf3 e6 4.a3 d6 5.Nc3 g6 6.d5 Nb8 7.e4 Bg7 8.Be2 O-O 9.O-O Re8
10.dxe6 Bxe6 11.Nd4 Nc6 12.Be3 Bd7 13.f3 Nh5 14.Nxc6 bxc6 15.Qd2 Qe7 16.g4 Nf6
17.Rac1 h5 18.g5 Nh7 19.Kh1 Nf8 20.b4 Be6 21.b5 c5 22.Nd5 Bxd5 23.cxd5 Nd7
24.a4 Kh7 25.Rg1 Ne5 26.Rg2 Rf8 27.f4 Nd7 28.Qc2 a6 29.bxa6 Nb8 30.e5 Nxa6
31.e6 Nb4 32.Qe4 fxe6 33.Bxh5 Rf5 34.dxe6 d5 35.Bxc5 Qxc5 36.Rxc5 dxe4 37.Rxf5 gxh5
38.Re2 Nd3 39.Rf7 Kg8 40.Kg2 Rxa4 41.g6 Bf8 42.Kg3 Ra6 43.Rxe4 Nc5 44.Re3 Nxe6
45.Rf6 Nc5 46.Rxa6 Nxa6 47.Kh4 Nb4 48.Kxh5 Nd5 49.Rf3 c5 50.f5 Kg7 51.Ra3 c4
52.Ra7+ Be7 53.f6+ Kxf6 54.Kh6 Ne3 55.Ra6+ Ke5 56.Ra5+ Kd4 57.g7 Ng4+ 58.Kg6 Nf6
59.Kf7 c3 60.Kxe7 c2  1-0

[Event "Open"]
[Site "Estensi ITA"]
[Date "2001.06.08"]
[Round "7"]
[White "Cedikova,K"]
[Black "Di Lazzaro,G"]
[Result "1-0"]
[WhiteElo "2137"]
[BlackElo "2015"]

1.d4 Nf6 2.c4 Nc6 3.Nc3 e5 4.d5 Ne7 5.e4 Ng6 6.g3 Bc5 7.Bg2 a6 8.Nf3 d6 9.O-O Bg4
10.h3 Bd7 11.Rb1 a5 12.Qd3 Qc8 13.h4 O-O 14.Bg5 Nh5 15.Be3 Bxe3 16.Qxe3 f5
17.exf5 Bxf5 18.Ne4 h6 19.Rbc1 b6 20.Nfd2 Bh3 21.Kh2 Bxg2 22.Kxg2 Nxh4+ 23.gxh4 Qg4+
24.Kh2 Qxh4+ 25.Qh3 Qf4+ 26.Kh1 Nf6 27.f3 Rf7 28.Qh2 Qf5 29.Qh4 Raf8 30.Rg1 Nh5
31.Rg4 Kh7 32.Rcg1 Rg8 33.Ng5+ Kh8 34.Qxh5 Rff8 35.Nde4 Qd7 36.Qg6 hxg5 37.Qh5+  1-0

[Event "Heart of Finland Open"]
[Site "Jyvaskyla FIN"]
[Date "2001.07.10"]
[Round "4"]
[White "Lehtivaara,P"]
[Black "Paronen,P"]
[Result "1/2-1/2"]
[WhiteElo "2322"]
[BlackElo "2188"]

1.d4 Nf6 2.c4 Nc6 3.Nc3 e5 4.d5 Ne7 5.Nf3 Ng6 6.g3 Bc5 7.Bg2 O-O 8.O-O a6
9.Qd3 d6 10.e4 h6 11.Be3 Bxe3 12.Qxe3 Ng4 13.Qe2 f5 14.exf5 Bxf5 15.Nd2 Qd7
16.Nde4 Nf6 17.Rac1 b6 18.a3 Nxe4 19.Nxe4 a5 20.b3 Ne7 21.f4 exf4 22.Rxf4 Ng6
23.Rff1 Bg4 24.Qe3 Rxf1+ 25.Rxf1 Bh3 26.Bxh3 Qxh3 27.Nf2 Qd7 28.Nd3 Re8 29.Qd4 Re2  1/2-1/2

[Event "ch-NOR"]
[Site "Kristiansund NOR"]
[Date "2001.07.13"]
[Round "8"]
[White "Lahlum,H"]
[Black "Groenn,A"]
[Result "1/2-1/2"]
[WhiteElo "2227"]
[BlackElo "2365"]

1.d4 Nf6 2.c4 Nc6 3.Nf3 d6 4.Nc3 Bg4 5.d5 Ne5 6.Nxe5 dxe5 7.g3 g6 8.Bg2 Bg7
9.O-O O-O 10.Qb3 b6 11.e4 Qc8 12.Bg5 h6 13.Be3 c6 14.dxc6 Qxc6 15.Nd5 Nxd5
16.cxd5 Qd6 17.Rac1 Rfc8 18.f4 Rxc1 19.Rxc1 Rc8 20.Rxc8+ Bxc8 21.Qc3 Ba6
22.fxe5 Bxe5 23.Bd4 Bxd4+ 24.Qxd4 Qc7 25.Qc3 Qxc3 26.bxc3 Bc4 27.a3 Kg7 28.Kf2 Kf6
29.Ke3 Ke5 30.g4 a5 31.Bh3 a4 32.Bg2 f5 33.gxf5 gxf5 34.exf5 Bxd5 35.Bf1 Kxf5
36.Bb5 Bb3 37.Bd7+ Ke5 38.Be8 Kd6 39.Bg6 Kc5 40.Bd3 Kd5 41.Bb5 e5 42.Bd3 Bc4
43.Bh7 Kd6 44.Bf5 Bd5 45.Bc2 Bc6 46.Bg6 Kc5 47.Bd3 e4 48.Be2 Bd5 49.Kd2 Bc4
50.Bd1 b5 51.Bh5 Be6 52.Be2 Ba2 53.Bh5 e3+ 54.Kxe3 Kc4 55.Kd2 Kb3 56.Be2 Kxa3
57.Bxb5 Bf7 58.Kc1 Kb3 59.Kb1 a3 60.c4 Bxc4 61.Bxc4+ Kxc4 62.Ka2 Kb4 63.h4 h5
64.Kb1 Kb3 65.Ka1 Kc2 66.Ka2 Kd3 67.Kxa3 Ke3 68.Kb2 Kf3 69.Kc1 Kg3 70.Kd2 Kxh4
71.Ke1 Kg3 72.Kf1 Kh2 73.Kf2 h4 74.Kf1 h3 75.Kf2 Kh1 76.Kf1 h2  1/2-1/2

[Event "SWYM"]
[Site "Witley ENG"]
[Date "2001.07.15"]
[Round "3"]
[White "Ippolito,D"]
[Black "Palliser,R"]
[Result "1/2-1/2"]
[WhiteElo "2394"]
[BlackElo "2337"]

1.d4 Nf6 2.c4 Nc6 3.Nf3 e6 4.Nc3 Bb4 5.Qc2 d6 6.Bd2 O-O 7.a3 Bxc3 8.Bxc3 Qe7
9.b4 e5 10.dxe5 Nxe5 11.e3 b6 12.Be2 Bb7 13.Nxe5 dxe5 14.f3 e4 15.f4 Ne8
16.O-O Nd6 17.c5 Nf5 18.Bb2 Qe6 19.g4 Nh4 20.f5 Qh6 21.Rf4 Rad8 22.f6 Nf3+
23.Bxf3 exf3 24.c6 Bxc6 25.fxg7 Rfe8 26.Qf2  1/2-1/2

[Event "7th Tan Chin Nam Cup"]
[Site "Shanghai CHN"]
[Date "2001.07.16"]
[Round "7"]
[White "Xu Jun"]
[Black "Bologan,V"]
[Result "1/2-1/2"]
[WhiteElo "2655"]
[BlackElo "2655"]

1.d4 Nf6 2.c4 Nc6 3.Nf3 e6 4.g3 Bb4+ 5.Bd2 Qe7 6.Nc3 O-O 7.Bg2 Bxc3 8.Bxc3 Ne4
9.Rc1 d6 10.d5 Nd8 11.dxe6 Nxe6 12.O-O a5 13.Nd4 N6c5 14.b3 Nxc3 15.Rxc3 f5
16.a3 Bd7 17.b4 axb4 18.axb4 Ne4 19.Re3 Rae8 20.f3 Qg5 21.Qc1 Qf6 22.Nxf5 Bxf5
23.fxe4 Qe5 24.Qc3 Qxc3 25.Rxc3 Bxe4 26.Rxf8+ Kxf8 27.Bxe4 Rxe4 28.Kf2 Kf7
29.Kf3 Rd4 30.Ke3 Rg4 31.Kf3 h5 32.e4 Ke6 33.Ra3 b6 34.Ra7 Kd7 35.Ra8 Kc6
36.Rc8 Rg5 37.b5+ Kd7 38.Rg8 Ke7 39.Ke3 Kf7 40.Rc8 Rc5 41.Kd4  1/2-1/2

[Event "Czech Open"]
[Site "Pardubice CZE"]
[Date "2001.07.21"]
[Round "2"]
[White "Korotylev,A"]
[Black "Janz,F"]
[Result "1-0"]
[WhiteElo "2573"]
[BlackElo "2352"]

1.d4 Nf6 2.c4 Nc6 3.Nf3 e6 4.Nc3 Bb4 5.e3 d6 6.Be2 O-O 7.O-O Bxc3 8.bxc3 e5
9.Nd2 Bf5 10.f3 Qe7 11.Nb3 Nd7 12.e4 Bg6 13.c5 dxc5 14.Ba3 Qg5 15.Qc1 Qxc1
16.Rfxc1 Rfd8 17.d5 Ncb8 18.Nxc5 Nxc5 19.Bxc5 Nd7 20.Bf2 f5 21.exf5 Bxf5
22.c4 b6 23.Rc3 Nc5 24.Re1 e4 25.Bxc5 bxc5 26.fxe4 Bxe4 27.Bg4 Bg6 28.Re7 Rab8
29.h4 Rb2 30.h5 Bb1 31.Be6+ Kh8 32.Rxc7 Rxa2 33.d6  1-0

[Event "Open"]
[Site "Novosibirsk RUS"]
[Date "2001.07.23"]
[Round "5"]
[White "Degterev,A"]
[Black "Shevchenko,Vit"]
[Result "1/2-1/2"]
[WhiteElo "2328"]
[BlackElo "2208"]

1.d4 Nf6 2.c4 Nc6 3.Nf3 d6 4.g3 e5 5.Nc3 Bg4 6.d5 Ne7 7.Bg2 Ng6 8.h3 Bd7
9.e4 Be7 10.Be3 c5 11.a3 O-O 12.O-O Qc8 13.Kh2 a6 14.a4 b6  1/2-1/2

[Event "XXI Open"]
[Site "Cullera ESP"]
[Date "2001.07.25"]
[Round "7"]
[White "Vera,R"]
[Black "Llobel Cortell,E"]
[Result "1-0"]
[WhiteElo "2563"]
[BlackElo "2400"]

1.d4 Nf6 2.c4 Nc6 3.Nf3 e6 4.Nc3 Bb4 5.Qc2 d6 6.Bd2 O-O 7.a3 Bxc3 8.Bxc3 a5
9.b3 Re8 10.e3 e5 11.d5 Ne7 12.Nd2 Ng6 13.h4 c6 14.h5 Nf8 15.e4 Qc7 16.Rc1 b5
17.h6 g6 18.dxc6 bxc4 19.Bxc4 Ne6 20.Bb2 d5 21.Bxd5 Nf4 22.g3 N4xd5 23.exd5 Nxd5
24.O-O f6 25.Qc5 Be6 26.Ne4 Qe7 27.Rfd1 Qxc5 28.Rxc5 f5 29.Nd6  1-0

[Event "XXI Open"]
[Site "Cullera ESP"]
[Date "2001.07.27"]
[Round "9"]
[White "Olsen,P"]
[Black "Tello Nunez,A"]
[Result "1-0"]
[WhiteElo "2248"]
[BlackElo "2082"]

1.d4 Nf6 2.c4 Nc6 3.Nf3 e6 4.a3 d5 5.cxd5 exd5 6.Bg5 Be7 7.Nc3 O-O 8.e3 h6
9.Bh4 g5 10.Bg3 Ne4 11.Qc2 Nxc3 12.Qxc3 f5 13.Ne5 f4 14.Nxc6 bxc6 15.Qxc6 Qd6
16.Qxa8 Bg4 17.Qb7 fxg3 18.hxg3 Qe6 19.Bd3 Bd6 20.O-O Bf3 21.gxf3 Rxf3 22.Kg2 Rf7
23.Qc6 h5 24.e4 Qg4 25.Qxd5 Qf3+ 26.Kh2 Bf4 27.Bc4  1-0

[Event "Smith & Williamson ch-GBR"]
[Site "Scarborough HUN"]
[Date "2001.07.31"]
[Round "2"]
[White "Summerscale,A"]
[Black "Palliser,R"]
[Result "1/2-1/2"]
[WhiteElo "2510"]
[BlackElo "2337"]

1.d4 Nf6 2.c4 Nc6 3.Nf3 e6 4.a3 d6 5.Nc3 g6 6.e4 Bg7 7.Be2 O-O 8.O-O Re8
9.Be3 e5 10.d5 Nd4 11.Re1 Bd7 12.h3 a5 13.Bf1 Nxf3+ 14.Qxf3 c5 15.dxc6 bxc6
16.Rad1 Be6 17.Bc5 Qb8 18.Bxd6 Qxb2 19.Na4 Qc2 20.Nb6 Rad8 21.Rc1 Qxc1 22.Rxc1 Rxd6
23.Rd1 Red8 24.Rxd6 Rxd6 25.Na4 Rd4 26.Nc5 Bxc4 27.Nb3 Bxb3 28.Qxb3 Rxe4
29.Bc4 Nd5 30.Bxd5 cxd5 31.Qxd5 Ra4 32.Qb3 Rd4 33.a4 Rb4 34.Qc2 Bf6 35.Qc6  1/2-1/2

[Event "MTO"]
[Site "Biel SUI"]
[Date "2001.08.02"]
[Round "10"]
[White "Avrukh,B"]
[Black "Ramesh,R"]
[Result "1/2-1/2"]
[WhiteElo "2598"]
[BlackElo "2445"]

1.d4 Nf6 2.c4 Nc6 3.Nf3 e6 4.a3 d6 5.Nc3 g6 6.Bf4 Bg7 7.e3 O-O 8.Be2 Nh5
9.Bg5 f6 10.Bh4 g5 11.d5 gxh4 12.dxc6 f5 13.Nd4 Bxd4 14.Qxd4 Ng7 15.Bf3 b6
16.g3 h3 17.Qh4 Qxh4 18.gxh4 Ba6 19.b3 f4 20.e4 e5 21.Rg1 Kh8 22.Nd5 Rf7
23.a4 Rb8 24.Kd2 Bc8 25.a5 b5 26.c5 dxc5 27.Rg5 Ne6 28.Rxe5 Rf8 29.Bd1 Rg8
30.Ne7 Rg2 31.Nxc8 Rxc8 32.Rxe6 Rxf2+ 33.Kc3 Rxh2 34.Rf6 Rf2 35.Bc2 b4+ 36.Kb2 Rd8
37.Rf5 Rdd2 38.Rxc5 h2 39.Rh1 Rfe2 40.Kc1 f3 41.Bd1 Rf2 42.Bxf3 Ra2 43.Kb1 Rfb2+
44.Kc1 Rxb3 45.Bd1 Ra1+ 46.Kd2 Rbb1 47.Rxh2 Rxd1+ 48.Ke3 Ra3+ 49.Kf4 Rc3
50.Rc2 Rdd3 51.Ke5 Kg7 52.Ke6 Kf8 53.e5 a6 54.R2xc3 bxc3 55.h5 Ke8 56.Rc4 h6
57.Kf6 Rf3+ 58.Ke6 Rd3 59.Rg4 Kf8 60.Rf4+ Ke8 61.Rc4 Kf8 62.Rf4+  1/2-1/2

[Event "Nordic Championships"]
[Site "Bergen NOR"]
[Date "2001.08.07"]
[Round "4"]
[White "Pedersen,St"]
[Black "Hagesaether,P"]
[Result "1-0"]
[WhiteElo "2453"]
[BlackElo "2250"]

1.d4 Nf6 2.c4 Nc6 3.Nf3 e6 4.a3 d5 5.Nc3 g6 6.Bf4 a6 7.e3 Bg7 8.h3 O-O 9.Rc1 Ne7
10.Bd3 c6 11.c5 Nd7 12.b4 f6 13.Bd6 Re8 14.O-O Nf5 15.Bh2 e5 16.e4 Nxd4 17.exd5 f5
18.Bc4 Kh8 19.dxc6 bxc6 20.Nxd4 exd4 21.Ne2 Ne5 22.Bxe5 Bxe5 23.Rc2 f4 24.f3 Qf6
25.Rd2 Rd8 26.Bd3 a5 27.Nc1 axb4 28.axb4 Rb8 29.Re2 Bd7 30.Rfe1 Bc7 31.Qd2 Re8
32.Rxe8+ Rxe8 33.Rxe8+ Bxe8 34.Be4 Bf7 35.Qc2 Kg7 36.Nd3 g5 37.Qa4 Bc4 38.Qc2 Bb5
39.Nf2 h5 40.Bd3 Bxd3 41.Qxd3 Qe5 42.Qe4 Qxe4 43.Nxe4 Bd8 44.Kf2 Kf7 45.Ke2 Ke6
46.Kd3 Kd5 47.Nd2 Bc7 48.Nc4 Bd8 49.Nb6+ Ke5 50.Kc4 Bc7 51.Nc8 g4 52.hxg4 hxg4
53.Ne7 gxf3 54.gxf3  1-0

[Event "Smith & Williamson ch-GBR"]
[Site "Scarborough HUN"]
[Date "2001.08.07"]
[Round "8"]
[White "Ward,C"]
[Black "Palliser,R"]
[Result "1-0"]
[WhiteElo "2493"]
[BlackElo "2337"]

1.d4 Nf6 2.c4 Nc6 3.Nf3 e6 4.Nc3 Bb4 5.Qc2 d6 6.Bd2 O-O 7.a3 Bxc3 8.Bxc3 Qe7
9.e4 e5 10.d5 Nb8 11.Be2 a5 12.c5 Nbd7 13.cxd6 cxd6 14.Nd2 Nc5 15.b4 axb4
16.axb4 Rxa1+ 17.Bxa1 Na6 18.Qb1 Bd7 19.O-O Rc8 20.Nc4 Be8 21.f4 b5 22.fxe5 bxc4
23.exf6 Qa7+ 24.Kh1 Qe3 25.Re1 c3 26.Qc1 Qxc1 27.Rxc1 Nxb4 28.Rxc3 Rb8 29.h3 Na2
30.Ra3 Rb1+ 31.Kh2 Rxa1 32.Ra8 Kf8 33.Rxe8+  1-0

[Event "Nordic Championships"]
[Site "Bergen NOR"]
[Date "2001.08.09"]
[Round "6"]
[White "Landgren,P"]
[Black "Hagesaether,P"]
[Result "1/2-1/2"]
[WhiteElo "2193"]
[BlackElo "2250"]

1.d4 Nf6 2.c4 Nc6 3.Nf3 e6 4.Nc3 Bb4 5.Bd2 d6 6.a3 Bxc3 7.Bxc3 Ne4 8.Qc2 Nxc3
9.Qxc3 O-O 10.g3 e5 11.dxe5 Nxe5 12.Nxe5 dxe5 13.Qxe5 Re8 14.Qc3 Qe7 15.e3 Qe4
16.Rg1 Bg4 17.Qd3 Qe5 18.Qc3 Qe4 19.Qd3 Qe6 20.Be2 Rad8 21.Qc3 Qe4 22.h3 Bf3
23.Rc1 c5 24.Qc2 Qc6 25.Rd1 g6 26.g4 Be4 27.Bd3 Bf3 28.Be2 Be4 29.Bd3 Bf3
30.Be2  1/2-1/2

[Event "Smith & Williamson ch-GBR"]
[Site "Scarborough HUN"]
[Date "2001.08.10"]
[Round "11"]
[White "Palliser,R"]
[Black "Broomfield,M"]
[Result "1-0"]
[WhiteElo "2337"]
[BlackElo "2271"]

1.d4 Nf6 2.c4 Nc6 3.Nf3 e6 4.a3 d5 5.Nc3 Ne4 6.Qc2 Nxc3 7.Qxc3 b6 8.g3 Bb7
9.Bg2 Be7 10.O-O Bf6 11.cxd5 exd5 12.Ne5 Ne7 13.Ng4 Nc6 14.Nxf6+ Qxf6 15.Bxd5 O-O-O
16.Bg5 Qxg5 17.Bxc6 Bxc6 18.Qxc6 Qd5 19.Qxd5 Rxd5 20.e3 a5 21.Rac1 Kb7 22.Rc4 c5
23.dxc5 Rxc5 24.Rxc5 bxc5 25.Rc1 Kb6 26.Kf1 a4 27.Ke2 Kb5 28.Kd3 Rd8+ 29.Kc3 Rd7
30.h4 h5 31.Rg1 f5 32.Re1 Rd5 33.Rb1 Rd7 34.b3 axb3 35.Rxb3+ Ka4 36.Rb8 Rd1
37.Ra8+ Kb5 38.a4+ Kc6 39.Rf8  1-0

[Event "Nordic Championships"]
[Site "Bergen NOR"]
[Date "2001.08.11"]
[Round "8"]
[White "Stokstad,P"]
[Black "Hagesaether,P"]
[Result "1/2-1/2"]
[WhiteElo "2195"]
[BlackElo "2250"]

1.d4 Nf6 2.c4 Nc6 3.Nf3 e6 4.Nc3 Bb4 5.Qc2 d6 6.Bg5 h6 7.Bd2 O-O 8.a3 Bxc3
9.Bxc3 Qe7 10.h3 e5 11.d5 Nb8 12.g4 Nh7 13.e4 a5 14.Bd2 Nd7 15.h4 Nc5 16.g5 f5
17.g6 Nf6 18.exf5 Nfe4 19.Be3 Bxf5 20.Bh3 Nxf2 21.Bxf5 Nxh1 22.Bxc5 dxc5
23.Be6+ Kh8 24.Qg2 Nf2 25.Nxe5 Qxh4 26.Nf7+ Rxf7 27.gxf7 Nh3+ 28.Kd1 Qd4+
29.Ke1 Qe3+ 30.Kf1 Nf4 31.Qf2 Qxf2+ 32.Kxf2 g5 33.Bd7 Rf8 34.Be8 Nd3+ 35.Kg3 Ne5
36.Re1 Nxf7 37.Re7 Kg7 38.Kg4 h5+ 39.Kxh5 Kf6 40.Rxf7+ Rxf7 41.Bxf7 Kxf7
42.Kxg5 a4 43.Kf5 Ke7 44.Ke5 Kd7 45.Kf4 Ke7 46.Ke5 Kd7 47.Kf4 Kd6 48.Ke4 b6
49.Kd3 Ke5 50.Ke3 Kf5 51.Kf3 b5 52.cxb5 Ke5 53.d6 Kxd6 54.Ke4 Ke6 55.Kd3 Kd5
56.Kc3 c4 57.Kb4 Kd4 58.Kxa4 c3 59.bxc3+ Kxc3 60.Ka5 Kb3 61.a4 Ka3 62.b6 cxb6+
63.Kxb6 Kxa4  1/2-1/2